| 000 | 00723cab a2200253 4500 | ||
|---|---|---|---|
| 001 | WB3506-37 | ||
| 008 | 090401t1999 xxu||||| |||| 00| 0 eng d | ||
| 035 | _a(Sirsi) u91194 | ||
| 041 | _aeng | ||
| 245 | _aHouse prices soar | ||
| 260 | _c1999 | ||
| 350 | _a0 | ||
| 490 |
_aSunday Business _v7 February 1999, 7(1) |
||
| 520 | _aDiscusses housing market boom and slump cycles and the effect of the euro. | ||
| 650 | _aBOOM AND BUST CYCLES | ||
| 650 | _aECONOMIC AND MONETARY UNION | ||
| 650 | _aEMU | ||
| 650 | _aEURO | ||
| 650 | _aHOUSING MARKET ECONOMICS | ||
| 650 | _aSINGLE EUROPEAN CURRENCY | ||
| 690 | _aPROPERTY-RESIDENTIAL PROPERTY-RESIDENTIAL PROPERTY MARKET | ||
| 942 | _n0 | ||
| 948 | _c09/02/1999 | ||
| 999 |
_c57870 _d57870 |
||